Score 0/20 Timer 03:00
0 Plays Today
Song Title Missing Word % Correct
_____ HazePurple
94.6%
All Along the _____Watchtower
84.3%
Castles Made of _____Sand
73.9%
The _____ Cries MaryWind
71.8%
Hey _____Joe
67.7%
Voodoo _____ (Slight Return)Child
63%
_____ LadyFoxey
60.8%
If 6 Was _____9
54.1%
_____ TrafficCrosstown
51.4%
Little _____Wing
49.2%
Song Title Missing Word % Correct
Have You Ever Been (to Electric _____)Ladyland
46.6%
Wait Until _____Tomorrow
39.3%
Third _____ from the SunStone
35.4%
Spanish _____ MagicCastle
34.7%
_____ of the Midnight LampBurning
31.2%
I Don't _____ TodayLive
24.7%
_____ EyesGypsy
20.8%
_____ from the SkiesUp
15.9%
You Got Me _____Floatin'
12.2%
_____ StoneStepping
6.2%

Today's Daily Dose

Missing Word
I Hardly Know Her!

Word Ladder
Sentence Ending

Quick Pick
Female Firsts

Get the Picture
Triathlon Sports

Remove Ads.
Support Sporcle.
Get the best of Sporcle when you Go Orange. This ad-free experience offers more features, more stats, and more fun while also helping to support Sporcle. Thank you for becoming a member.

You're not logged in!

Compare scores with friends on all Sporcle quizzes.
OR
Log In

Show Comments

Extras

Top Quizzes Today


Score Distribution

Your Account Isn't Verified!

In order to create a playlist on Sporcle, you need to verify the email address you used during registration. Go to your Sporcle Settings to finish the process.

Report this User

Report this user for behavior that violates our Community Guidelines.

Details: